000 00503nmm a2200157Ia 4500
008 251105s9999||||xx |||||||||||||||||und||
020 _a9788412437843
041 _aspa
100 _aMuñoz Borrego , María del Pilar
245 0 _aAmor de Fan II. Tienes una misión que cumplir
264 _a[Madrid, España] :
_bEdiciones Arcanas,
_c[Fecha de publicación no identificada]
300 _a0 páginas
650 _aRomance
856 _uhttps://public.digitaliapublishing.com/a/120837
942 _cCF
999 _c76248
_d76248